书目信息 |
| 题名: |
现代公共管理伦理导论
|
|
| 作者: | 万俊人 主编 | |
| 分册: | ||
| 出版信息: | 北京 人民出版社 2005 |
|
| 页数: | 448页 | |
| 开本: | 23cm | |
| 丛书名: | ||
| 单 册: | ||
| 中图分类: | B82-051 | |
| 科图分类: | ||
| 主题词: | 公共管理--政治伦理学--概论 | |
| 电子资源: | ||
| ISBN: | 7-01-004930-0 | |
| 000 | 01090nam0 2200313 450 | |
| 000 | 01053nam0 2200301 450 | |
| 000 | 01022nam0 2200301 450 | |
| 000 | 00968nam0 2200277 450 | |
| 000 | 00986nam0 2200265 450 | |
| 000 | 00949nam0 2200253 45 | |
| 001 | TS2006025742 | |
| 005 | 20061210151943.26 | |
| 010 | @a7-01-004930-0@dCNY48.00 | |
| 100 | @a20060829d2005 ekmy0chiy0120 ea | |
| 101 | 0 | @achi |
| 102 | @aCN@b110000 | |
| 105 | @ay a 000yy | |
| 200 | 1 | @a现代公共管理伦理导论@AXian Dai Gong Gong Guan Li Lun Li Dao Lun@f万俊人主编@FWan Jun Ren Zhu Bian |
| 210 | @a北京@c人民出版社@d2005 | |
| 215 | @a448页@d23cm | |
| 320 | @a有书目 | |
| 330 | @a本书是一本介绍公共管理的书籍。内容包括:现代公共管理伦理的基本精神、公共管理伦理的理论生成、公共管理伦理的理论资源等。 | |
| 606 | 0 | @a公共管理@x政治伦理学@x概论 |
| 690 | @aB82-051@v4 | |
| 701 | 0 | @a万俊人@AWan Jun Ren@4主编 |
| 801 | 0 | @aCN@b中图数据@c20061210 |
| 905 | @a10447@dB82-051@e245 | |
| 现代公共管理伦理导论/万俊人主编.-北京:人民出版社,2005 |
| 448页;23cm |
| ISBN 7-01-004930-0:CNY48.00 |
| 本书是一本介绍公共管理的书籍。内容包括:现代公共管理伦理的基本精神、公共管理伦理的理论生成、公共管理伦理的理论资源等。 |
| ● |
| 相关链接 |
|
|
|
|
正题名:现代公共管理伦理导论
索取号:B82-051/245
 
预约/预借
| 序号 | 登录号 | 条形码 | 馆藏地/架位号 | 状态 | 备注 |
| 1 | 0600794 | 206007943 | 第一样本阅览室/ [索取号:B82-051/245] | 在馆 | |
| 2 | 0600795 | 206007952 | 第一借阅区/ [索取号:B82-051/245] | 在馆 | |
| 3 | 0600796 | 206007961 | 第一借阅区/ [索取号:B82-051/245] | 在馆 | |
| 4 | 0600797 | 206007970 | 第一借阅区/ [索取号:B82-051/245] | 在馆 | |
| 5 | 0600798 | 206007989 | 教育系资料室/ [索取号:B82-051/245] | 在馆 |